| 000 | 00821cam a22002177a 4500 | ||
|---|---|---|---|
| 020 | _a1842171178 | ||
| 040 | _cUKM | ||
| 082 | 0 | 0 | _a636 DAV 2005 A051 Co. |
| 110 | 2 | _aInternational Council for Archaeozoology. | |
| 245 | 1 | 0 |
_aDiet and health in past animal populations : _bcurrent research and future directions / |
| 260 |
_aOxford : _bOxbow Books ; _aOakville, CT : _bDavid Brown Book Co., _cc2005. |
||
| 300 |
_aviii, 134 p. : _bill., maps ; _c31 cm. |
||
| 500 | _a"Proceedings of the 9th Conference of the International Council of Archaeozoology, Durham, August 2002." | ||
| 650 | 0 | _aAnimal paleopathology | |
| 650 | 0 | _aAnimal remains (Archaeology) | |
| 650 | 0 | _aAnimal health | |
| 650 | 0 | _aAnimal feeding | |
| 700 | 1 | _aDavies, J. | |
| 856 | 4 | 1 | _uhttp://www.loc.gov/catdir/toc/fy0610/2005296285.html |
| 942 | _cEK | ||
| 999 |
_c14765 _d14765 |
||